Vánoční rozjímání / Anselm Grün ; [z německého originálu Das kleine Buch der Weihnachtsfreude přeložila Eliška Závodná]
Record details
- ISBN: 978-80-7367-776-3
- Physical Description: 93 s. ; 18 cm
- Edition: Vyd. 1.
- Publisher: Praha : Portál, 2010
Search for related items by subject
| Subject: | Vánoce > křesťanské pojetí advent > křesťanské pojetí křesťanská víra duchovní život Christmas > Christian approach advent > Christian approach Christian faith spiritual life |
| Genre: | úvahy essays |
Available copies
- 1 of 1 copy available at Common Catalog SPOK.
Holds
- 0 current holds with 1 total copy.
Show Only Available Copies
| Location | Call Number / Copy Notes | Barcode | Shelving Location | Status | Due Date |
|---|---|---|---|---|---|
| Jabok Library | PT-8.2.2 | 424480025044 | Odborná literatura | Available | - |
| LDR | 01568nam a2200457 a 4500 | ||
|---|---|---|---|
| 001 | 14142 | ||
| 003 | CZ-PrJAB | ||
| 005 | 20191029110420.0 | ||
| 007 | ta | ||
| 008 | 101020s2010 xr e 000 0 cze | ||
| 015 | . | ‡acnb002133005 | |
| 020 | . | ‡a978-80-7367-776-3 ‡q(váz.) | |
| 035 | . | ‡a(CZ PrNK)nkc20102133005 | |
| 035 | . | ‡a(OCoLC)713791048 | |
| 040 | . | ‡aABA001 ‡bcze ‡dBOA001 ‡dOLA001 | |
| 041 | 1 | . | ‡acze ‡hger |
| 072 | 7. | ‡a27-5 ‡xLiturgie. Křesťanské umění a symbolika. Duchovní život ‡2Konspekt ‡95 | |
| 080 | . | ‡a27-565.3 ‡2MRF | |
| 080 | . | ‡a27-565.2 ‡2MRF | |
| 080 | . | ‡a27 ‡2MRF | |
| 080 | . | ‡a27-184.3 ‡2MRF | |
| 080 | . | ‡a27-584 ‡2MRF | |
| 080 | . | ‡a(0:82-4) ‡2MRF | |
| 100 | 1 | . | ‡aGrün, Anselm, ‡d1945- ‡7jn19990002960 ‡4aut |
| 245 | 1 | 0. | ‡aVánoční rozjímání / ‡cAnselm Grün ; [z německého originálu Das kleine Buch der Weihnachtsfreude přeložila Eliška Závodná] |
| 250 | . | ‡aVyd. 1. | |
| 260 | . | ‡aPraha : ‡bPortál, ‡c2010 | |
| 300 | . | ‡a93 s. ; ‡c18 cm | |
| 650 | 0 | 7. | ‡aVánoce ‡7ph117162 ‡xkřesťanské pojetí ‡2czenas |
| 650 | 0 | 7. | ‡aadvent ‡7ph114004 ‡xkřesťanské pojetí ‡2czenas |
| 650 | 0 | 7. | ‡akřesťanská víra ‡7ph122113 ‡2czenas |
| 650 | 0 | 7. | ‡aduchovní život ‡7ph114375 ‡2czenas |
| 650 | 0 | 9. | ‡aChristmas ‡xChristian approach ‡2eczenas |
| 650 | 0 | 9. | ‡aadvent ‡xChristian approach ‡2eczenas |
| 650 | 0 | 9. | ‡aChristian faith ‡2eczenas |
| 650 | 0 | 9. | ‡aspiritual life ‡2eczenas |
| 655 | 7. | ‡aúvahy ‡7fd134000 ‡2czenas | |
| 655 | 9. | ‡aessays ‡2eczenas | |
| 765 | 1 | . | ‡tKleine Buch der Weihnachtsfreude ‡9Česky |
| 910 | . | ‡aABG312 | |
| 995 | . | ‡aska | |
| 901 | . | ‡a14142 ‡bCZ PrNK ‡c14142 ‡tbiblio | |